| 000 | 00701nam a22002297a 4500 | ||
|---|---|---|---|
| 999 |
_c6406 _d6406 |
||
| 001 | 4351 | ||
| 003 | BD-DhUAP | ||
| 005 | 20201230160340.0 | ||
| 008 | 202030s1993 maua|||| b||| 001 0 eng d | ||
| 020 | _a0070180342 | ||
| 040 |
_aBD-DhUAP _bEng _cBD-DhUAP _dBD-DhUAP |
||
| 082 |
_223 _a372.41 DUF |
||
| 100 | _aDuffy, Gerald G. | ||
| 245 |
_aImproving classroom reading instruction : _ba decision-making approach / _cGerald G. Duffy and Laura R. Roehler. |
||
| 250 | _a3rd ed. | ||
| 260 |
_aBoson : _bMcGraw-Hill, _cc1993. |
||
| 300 |
_axv, 512 pages : _billustrations ; _c24 cm. |
||
| 504 | _aIncludes bibliography and index. | ||
| 650 | _aReading. | ||
| 700 | _aRoehler, Laura R. | ||
| 942 |
_2ddc _cBK |
||